000 01523nam a2200361 i 4500
003 DO-SdBNP
005 20260602135937.0
007 ta
008 260515b2022 dr ||||| |||| 00| 0 spa d
020 _a9789945180176
040 _aDO-SdBNP
_bspa
_cBNPHU
_erda
041 _aspa
082 4 _a972.9364
_bB826s
_222
245 0 0 _aSobre la historia y la cultura de la provincia María Trinidad Sánchez /
_cJosé G. Guerrero, José Gabriel Atiles Bidó, Ángel Manuel Hernández Rodríguez. E. Augusto Bravo, Amelia Milagros Salas de León
246 1 4 _aNagua : sobre la historia y la cultura de la provincia María Trinidad Sánchez
250 _aprimera edición
264 4 _aSanto Domingo :
_bEditora Búho,
_c©2022.
300 _a54 páginas ;
_c22 cm.
336 _atexto
_btxt
_2rdacontent
337 _asin mediación
_bn
_2rdamedia
338 _avolumen
_bnc
_2rdacarrier
504 _aBibliografía : páginas 53-54
590 _aInventariado, 2026/BT
650 7 _aCultura
_zMaria Trinidad Sánchez (República Dominicana)
_989799
651 7 _aMaria Trinidad Sánchez (República Dominicana)
_xHistoria local
_989800
700 1 _aGuerrero, José G.,
_eautor
_4aut.
700 1 _aAtiles Bidó, José Gabriel,
_eautor
_4aut.
_989602
700 1 _aHernández Rodríguez, Ángel Manuel,
_eautor
_4aut.
_989603
700 1 _aBravo, E. Augusto,
_eautor
_4aut.
_989604
700 1 _aSalas León, Amelia Milagros de,
_eautor
_4aut.
_989605
910 _aBtavárez/Validado. Control de calidad MFF
942 _2ddc
_cLF2
999 _c60761
_d60761